000 00231nam a2200097Ia 4500
008 241105s9999 xx 000 0 und d
041 _aeng
100 _aShah P.
245 _aDance Academy
260 _bFinal Year B. Arch, BNCA
_c1999
999 _c359954
_d359954